El estudio de la salud de la fauna silvestre : (Registro nro. 8045)

Detalles MARC
000 -CABECERA
Campo de control 00994nam a22002537a 4500
005 - FECHA Y HORA DE LA ULTIMA TRANSACCION
Campo de control 20131213142205.0
008 - ELEMENTOS DE LONGITUD FIJA—INFORMACION GENERAL
Campo de control 131213b2013 ck ||||| |||| 00| 0 spa d
020 ## - ISBN
ISBN 9789585702226
041 ## - IDIOMA
Código de idioma para texto/pista de sonido o título separado Español
044 ## - PAÍS DE PUBLICACIÓN
País de publicación Colombia
082 ## - NUMERO DE CLASIFICACION DECIMAL DEWEY
Número de clasificación 590.986
Número del ítem N26e
100 1# - ASIENTO PRINCIPAL--NOMBRE PERSONAL
Nombre personal Nassar-Montoya, Fernando
245 10 - MENCION DE TITULO
Título El estudio de la salud de la fauna silvestre :
Parte restante del título teoría y práctica transdisciplinaria para la conservación con ejemplos para latinoaméica /
Mención de responsabilidad Fernando Nassar-Montoya y Victoria Pereira-Bengoa
260 ## - PUBLICACION, DISTRIBUCION, ETC. (PIE DE IMPRENTA)
Lugar de publicación, distribución, etc. Bogotá
Nombre del editor, distribuidor, etc. COMVEZCOL
Fecha de publicación, distribución, etc. 2013
300 ## - DESCRIPCION FISICA
Extensión 278 p.
Otros detalles físicos tablas, gráficas
Dimensiones 28 cm.
504 ## - NOTA DE BIBLIOGRAFIA, ETC.
Nota de bibliografía Incluye referencias bibliográficas e índice
650 #6 - ASIENTO SECUNDARIO DE MATERIA - TERMINO TEMATICO
Término temático o nombre geográfico como elemento de entrada Conservación de la vida silvestre
Subdivisión geográfica Latinoamérica
650 14 - ASIENTO SECUNDARIO DE MATERIA - TERMINO TEMATICO
Término temático o nombre geográfico como elemento de entrada Fauna silvestre
Subdivisión geográfica Latinoamérica
650 14 - ASIENTO SECUNDARIO DE MATERIA - TERMINO TEMATICO
Término temático o nombre geográfico como elemento de entrada Conservación de la fauna
Subdivisión geográfica Latinoamérica
650 14 - ASIENTO SECUNDARIO DE MATERIA - TERMINO TEMATICO
Término temático o nombre geográfico como elemento de entrada Protección de la fauna
651 ## - ASIENTO SECUNDARIO DE MATERIA - NOMBRE GEOGRAFICO
Subdivisión geográfica Latinoamérica
700 1# - ASIENTO SECUNDARIO - NOMBRE PERSONAL
Nombre personal Pereira-Bengoa, Victoria
942 ## - ELEMENTOS ADICIONALES (KOHA)
Sistema de clasificación Dewey Decimal Classification
Tipo de ítem Impreso
Existencias
Withdrawn status Lost status Sistema de Clasificación Damaged status No para préstamo Colección Inventariado Ubicación Permanente Ubicación actual Fecha de adquisición Fuente de Valor Valor Total Checkouts Número topográfico Inventario / Código de Barras Date last seen Ejemplar Price effective from Forma de adquisición Tipo de material
    Dewey Decimal Classification     General Inventariado 2017 Bogotá Bogotá 13/12/2013 Instituto 39000.00   LB-590.986 N26e 059632 13/12/2013 Ej. 1 13/12/2013   Libro